000 010540000a22003010004500
090 _aAR
_b03914
245 1 0 _aAnálisis de la diversidad genética de colecciones elite de Eucalyptus, por medio de marcadores moleculares microsatélites
500 _a<Contribución Humboldt>
650 1 4 _aAnálisis genético
_975159
650 1 4 _aEspecies maderables
_992882
650 1 4 _aProgramas de mejoramiento
_997742
650 1 4 _aMicrosatélites
_975506
651 4 _dValle del Cauca
_pColombia
_992749
651 4 _dCauca
_pColombia
_992749
651 4 _dRisaralda
_pColombia
_992749
653 _gEucalyptus
_eEucalyptus grandis
653 _gEucalyptus
_eEucalyptus urophylia
041 0 _aEspañol
700 1 _aGarcía, Victor
_997743
700 1 _aOsorio, Luis Fernando
_997744
700 1 _aIsaza, Nhora
_997745
700 1 _aPalacio, Juan Diego
_91266
700 1 _aGarcía, Felipe
_997746
700 1 _aSánchez, Adalberto
_997747
100 1 _aBarrios, Dora
_997748
942 _cARTICULO
773 1 _tFitotecnia Colombiana
_h1
_q96-106
_d2004
_g4
999 _c12949
_d12949